The Blackadder Estate (Record no. 116517)
[ view plain ]
| 000 -LEADER | |
|---|---|
| fixed length control field | 00627cam a22001935a 4500 |
| 001 - CONTROL NUMBER | |
| control field | L140888 |
| 008 - FIXED-LENGTH DATA ELEMENTS--GENERAL INFORMATION | |
| fixed length control field | 071016n xxk eng u |
| 035 ## - SYSTEM CONTROL NUMBER | |
| System control number | (Sirsi) u140888 |
| 041 0# - LANGUAGE CODE | |
| Language code of text/sound track or separate title | eng |
| 110 2# - MAIN ENTRY--CORPORATE NAME | |
| Corporate name or jurisdiction name as entry element | John D Wood and Co. |
| 9 (RLIN) | 5398 |
| 245 04 - TITLE STATEMENT | |
| Title | The Blackadder Estate |
| Remainder of title | in the heart of the well-known merse of Berwickshire, for sale privately in its entirety or the mansion with about 1 050 acres |
| 260 ## - PUBLICATION, DISTRIBUTION, ETC. | |
| Place of publication, distribution, etc. | S.l. |
| Name of publisher, distributor, etc. | s.n. |
| Date of publication, distribution, etc. | [ca. 1921] |
| 300 ## - PHYSICAL DESCRIPTION | |
| Extent | 11 p. |
| Other physical details | ill. |
| Dimensions | 25 x 38 cm. |
| 340 ## - PHYSICAL MEDIUM | |
| Material base and configuration | Printed |
| 351 ## - ORGANIZATION AND ARRANGEMENT OF MATERIALS | |
| Hierarchical level | Single item |
| 651 4# - SUBJECT ADDED ENTRY--GEOGRAPHIC NAME | |
| Geographic name | Scotland |
| Chronological subdivision | 1999- |
| 690 ## - LOCAL SUBJECT ADDED ENTRY--TOPICAL TERM (OCLC, RLIN) | |
| Topical term or geographic name as entry element | PROPERTY-PROPERTY ACQUISITION AND DISPOSAL |
| 942 ## - ADDED ENTRY ELEMENTS (KOHA) | |
| Suppress in OPAC | 0 |
| Withdrawn status | Lost status | Source of classification or shelving scheme | Damaged status | Not for loan | Home library | Current library | Shelving location | Date acquired | Total Checkouts | Full call number | Barcode | Date last seen | Copy number | Price effective from | Koha item type |
|---|---|---|---|---|---|---|---|---|---|---|---|---|---|---|---|
| Dewey Decimal Classification | London | London | Basement | 16/10/2007 | BASEMENT BOX 2 | 30013145 | 06/08/2019 | 1 | 06/08/2019 | Archive |